000 00640nam a22001457a 4500
005 20140520105621.0
008 121205b xxu||||| |||| 00| 0 chi d
020 _a9787511304476
110 _aRen yi sheng yao du de gu dian shi ci da quan ji
245 _a人一生要讀的古典詩詞大全集 Ren yi sheng yao du de gu dian shi ci da quan ji = A collection on ancient Chinese classical poems a person must read {ch} /
_cRen yi sheng yao du de gu dian shi ci da quan ji
260 _a中國 China :
_b中國華僑出版社,
_c2010.
300 _a2,18, 554 p. ;
_c29 cm.
650 _aChinese poetry
_xCollections {ch}.
942 _2lcc
_cBK
999 _c19065
_d19065